trouve le chiffre en lettres - Statistiques

Statistiques générales
  • Ce quiz a été pris 238 fois
  • Le résultat moyen est 9 sur 9
Statistiques - réponses
Hint Réponse % Correct
deux 2
99%
trois 3
99%
quatre 4
99%
un 1
98%
cinq 5
98%
six 6
98%
sept 7
98%
huit 8
97%
neuf 9
97%
Aucun quiz correspondant
Distribution des résultats
% des personnes avec chaque résultat
Percentile par nombre de réponses
Votre historique - résultats
Vous n’avez pas pris ce quiz